000
00261nam a2200097Ia 4500
008
241105s9999 xx 000 0 und d
041
_a
eng
100
_a
Pendharkar Sangeeta
245
_a
Senior Citizen Housing Nagpur
260
_b
Final Year B.Arch ID, Pune
_c
2014
999
_c
360930
_d
360930